| 000 | 01600nab a2200241 i 4500 | ||
|---|---|---|---|
| 001 | 768714001 | ||
| 003 | CO-MdFUSB | ||
| 005 | 20240617120919.0 | ||
| 008 | 240617t1986 us ||||| |||| 00| 0 eng d | ||
| 040 |
_bspa _cCO-MdFUSB _dCO-MdFUSB |
||
| 041 | _aeng | ||
| 100 |
_aTaber, Charles R., _eautor |
||
| 245 |
_aThe New Testament language of quantity and growth in relation to the church _c/Charles R. Taber |
||
| 520 | _aEn este discurso pronunciado en la reunión anual de la ASM de 1986, el autor busca de manera preliminar desarrollar una visión más responsable del crecimiento de la iglesia desde una perspectiva bíblica. Sostener que algunas interpretaciones actuales sobre el crecimiento de la iglesia son probablemente ilegítimas desde un punto de vista bíblico. Taber examina la evidencia bíblica en tres áreas: el deseo de Dios de que todos sean salvos, lo que el Nuevo Testamento anticipa en términos de resultados concretos y varias metáforas de crecimiento empleadas en la Biblia. Seis hipótesis ilustran la conclusión principal: que el aumento numérico de los creyentes no es la comprensión principal del crecimiento en el Nuevo Testamento. | ||
| 546 | _aTexto en inglés. | ||
| 630 | 0 | 7 |
_aBiblia. _pAntiguo Testamento |
| 650 | 7 |
_aIglesia _9655 |
|
| 650 | 7 |
_aAntropología bíblica _96715 |
|
| 650 | 7 |
_aHermenéutica bíblica _97333 |
|
| 773 | 0 |
_070215 _982773 _dPensilvania, Estados Unidos _oR2648 _tMissiology _w(CO-MdFUSB)768714001 _gVolumen14, (número 4, 1986) páginas: 387 - 400 _qpágina: 387 |
|
| 942 | _cANA | ||
| 945 | _aCatherine Arias Álvarez - Practicante SENA | ||
| 999 |
_c70234 _d70234 |
||